Los virreyes de Nueva España en el reinado de Carlos III
Sábháilte in:
| Príomhchruthaitheoir: | |
|---|---|
| Formáid: | LEABHAR |
| Teanga: | Spáinnis |
| Foilsithe / Cruthaithe: |
Sevilla
Escuela de Estudios Hispano-Americanos de Sevilla
1967
|
| Sraith: | Escuela de EStudios Hispano-Americanos de Sevilla, 177-178
|
| Ábhair: | |
| Clibeanna: |
Cuir clib leis
Níl clibeanna ann, Bí ar an gcéad duine le clib a chur leis an taifead seo!
|
MARC
| LEADER | 00000nam a2200000 a 4500 | ||
|---|---|---|---|
| 001 | UCR0522 | ||
| 003 | CL-VaPUC | ||
| 008 | 971205e19670000SP |||||||||||||||||spa|d | ||
| 082 | 0 | 4 | |a 340.098 |b CAL |2 21 |
| 100 | 0 | |a Calderón Quijano, José Antonio |e author |9 396293 | |
| 245 | 1 | 4 | |a Los virreyes de Nueva España en el reinado de Carlos III |
| 300 | |a 2 v | ||
| 942 | |c BK | ||
| 945 | |d 19971205 00:00:00 |a cmena | ||
| 260 | |a Sevilla |b Escuela de Estudios Hispano-Americanos de Sevilla |c 1967 | ||
| 650 | 0 | |a Derecho Indiano |9 256266 | |
| 650 | 0 | |a Gobernadores |9 323856 | |
| 650 | 0 | |a Estado y derecho |9 255403 | |
| 650 | 0 | |a Obras públicas |9 261125 | |
| 650 | 7 | |a INTENDENTES |2 CL-VaPUC |9 383916 | |
| 650 | 0 | |a Aspectos económicos |9 255165 | |
| 650 | 0 | |a Iglesia y Estado |9 254995 | |
| 583 | |a last modification |c 19971205 00:00:00 |k Rodrigo Vera | ||
| 490 | 0 | |a Escuela de EStudios Hispano-Americanos de Sevilla, 177-178 | |
| 999 | |c 264024 |d 264022 | ||
| 952 | |0 0 |1 0 |4 0 |6 340_098000000000000_CAL_1967 |7 0 |8 DER_HDC |9 293593 |a BIBDER |b BIBDER |d 2019-11-19 |h v.1 |i 1908359 |l 1 |o 340.098 CAL 1967 |p 1908359 |r 2023-01-25 |s 2020-03-19 |w 2019-11-19 |x Ubicación 4to Piso |y BK |z Estos recursos deben solicitarse con anticipación |k DER | ||
| 952 | |0 0 |1 0 |4 0 |6 340_098000000000000_CAL_1967 |7 0 |8 DER_HDC |9 293594 |a BIBDER |b BIBDER |d 2019-11-19 |h v.2 |i 1908367 |l 1 |o 340.098 CAL 1967 |p 1908367 |r 2023-01-25 |s 2020-03-19 |w 2019-11-19 |x Ubicación 4to Piso |y BK |z Estos recursos deben solicitarse con anticipación |k DER | ||